Polution subsidies and multiple local optima.

Úloha subvencií firmám, určených na znižovanie znečisťovania ovzdušia. Popis analýzy čiastočnej rovnováhy priemyslu s konštantnými nákladmi s fixnými proporciami medzi znečisťovaním a výrobou. Výpočty minimálnych nákladov firiem, vyplývajúcich z typických hodnôt parametrov nákladových funkcií.

Salvato in:
Dettagli Bibliografici
Autore principale: Palmquist, R.
Natura: Capitolo di libro
Lingua:inglese
Soggetti:
Tags: Aggiungi Tag
Nessun Tag, puoi essere il primo ad aggiungerne!!

MARC

LEADER 00000naa a2200000 4500
001 r002846
005 20220819194506.6
041 0 |a eng 
044 |a US 
245 1 0 |a Polution subsidies and multiple local optima.  |c R. Palmquist 
520 |a Úloha subvencií firmám, určených na znižovanie znečisťovania ovzdušia. Popis analýzy čiastočnej rovnováhy priemyslu s konštantnými nákladmi s fixnými proporciami medzi znečisťovaním a výrobou. Výpočty minimálnych nákladov firiem, vyplývajúcich z typických hodnôt parametrov nákladových funkcií. 
610 2 0 |a subvencie 
610 2 0 |a znečistenie ovzdušia 
610 2 0 |a firmy 
610 2 0 |a výroba 
610 2 0 |a náklady fixné 
610 2 0 |a funkcie nákladové 
610 2 0 |a kalkulácia nákladov 
100 1 |a Palmquist, R.